Statistics for Most Populated Cape Cod Towns

Click here to take the quiz!

General Stats

  • This quiz has been taken 26 times
  • The average score is 7 of 10

Answer Stats

PopulationTown Name% Correct
6,594Chatham
86%
32,517Falmouth
86%
48,916Barnstable
82%
14,674Dennis
82%
20,259Sandwich
82%
20,452Bourne
77%
10,318Brewster
64%
15,060Mashpee
64%
25,023Yarmouth
64%
13,440Harwich
55%

Score Distribution

Percentile by Number Answered

Percent of People with Each Score

Your Score History

You have not taken this quiz